000 01136nam a2200253 i 4500
001 181633
003 ES-MaACL
005 20250824085148.0
008 130226s1953 sp |||| | spa d
080 _a821.134.2-84"15"
100 1 _aSanta Cruz de Dueñas, Melchor de.
_9152384
245 1 0 _aFloresta española (1574) /
_cpor Melchor de Santa Cruz de Dueña .
_by Los dichos o sentencias de los siete sabios de Grecia (1549) / por Hernán López de Yanguas ; los pública la Sociedad de Bibliófilos Españoles.
260 _aMadrid :
_bSociedad de Bibliófilos Españoles,
_c1953.
300 _aXXX, 318 p., 1 h. de facs. ;
_c24 cm.
490 1 _aSociedad de Bibliófilos Españoles. Segunda época ;
_v29
650 4 _aMáximas y aforismos.
_914865
650 4 _aSiete sabios de Grecia.
_9174110
700 1 _aLópez de Yanguas, Hernán.
_9152385
710 2 _aSociedad de Bibliófilos Españoles.
_96661
740 4 2 _aLos dichos o sentencias de los siete sabios de Grecia (1549)
830 1 0 _aSociedad de Bibliófilos Españoles. Segunda época
_v29
_9191496
852 4 _aES-MaACL
_jJ-7(II-29)
999 _c181633
_d181633